01639agaaa2200301 45000010005000000030009000050050017000140070009000310080040000400400023000800410013001031000054001161300070001702450254002402500022004942600104005163000033006205080099006535110091007525380016008435460013008596500061008727000066009337000068009999420012010679990019010799520239010981511IT-RoPAU20220918181258.0d cvaizq50131s9999||||xx ||| | || ||und|| aIT-RoPAUcIT-RoPAU aITALIANO aDi Carlo CarlogCodice regista SPICS: 7226952109 aINSEGUIMENTO E L'ASSASSINIO DEL PRIGIONIERO LUDWIG L. (L')952110 aINSEGUIMENTO E L'ASSASSINIO DEL PRIGIONIERO LUDWIG L. (L')cProdotto da: Di Carlo Carlo -- Sceneggiatura: Di Carlo Carlo -- Diretto da: Di Carlo CarlopINSEGUIMENTO E L'ASSASSINIO DEL PRIGIONIERO LUDWIG L. (L') (Rif. Codice opera principale : 21511) aEdizione Standard aBERLINO (GERMANIA)bNOVA FILM / Distribuzione: RAIg"1971 (1° ed.: 1983 ; Ed. Lingua Orig.: 1971)" aVHSbsonoro, col.c30 minuti a"Fotografia: Bevilacqua Angelo; Montaggio: Crociani Raimondo; Sceneggiatura: Di Carlo Carlo; " a"Berger Michael; Binder Arthur; Alexa Ursula; Haffner Erna; Nitschke Hans; Martienzen" aPAL, STEREO aITALIANO aTELEFILMeFILMS [VHS]xCodice MATERIA SPICS: 9960952111 aDi Carlo Carlo e(regista)gCodice regista SPICS: 7226952112 aDi Carlo Carlo e(soggetto)gCodice Soggetto SPICS: 7226952113 cVH2ddc c107439d107439 001040621511_00000000000000071aSPICSbSPICSd2015-01-31l0o21511r2015-01-31 00:00:00w2015-01-31yVHzProgr. Ins.: 1307 / N.Vol.:1 / Copie: 1 / Pag.: / Copia rara: n.d. / date import: 1.2.2015 / By Epidotti, Trombetti, Vaglietti